| 000 | 00412nmm a2200145Ia 4500 | ||
|---|---|---|---|
| 008 | 251105s9999||||xx |||||||||||||||||und|| | ||
| 041 | _aspa | ||
| 100 | _aTroncoso Urquiza, Raúl | ||
| 245 | 0 | _aErrabundo | |
| 264 |
_a[Santiago de Chile, Chile] : _bRil editores, _c2024 |
||
| 300 | _a68 páginas | ||
| 650 | _aLatin American poetry | ||
| 856 | _uhttps://public.digitaliapublishing.com/a/172359 | ||
| 942 | _cCF | ||
| 999 |
_c106912 _d106912 |
||